Priame dane a ich účtovné zobrazenie vo vybranej obchodnej spoločnosti diplomová práca

Gespeichert in:
Bibliographische Detailangaben
1. Verfasser: Machajová, Linda
Körperschaft: Fakulta hospodárskej informatiky EU. Katedra účtovníctva a audítorstva
Weitere Verfasser: Kastlerová, Sylvia
Format: Buch
Sprache:Slowakisch
Veröffentlicht: Bratislava 2009
Tags: Tag hinzufügen
Keine Tags, Fügen Sie das erste Tag hinzu!

MARC

LEADER 00000nam$a2200000$$$4500
001 0100976
005 20240318134845.6
041 0 |a slo 
044 |a SK 
245 1 0 |a Priame dane a ich účtovné zobrazenie vo vybranej obchodnej spoločnosti  |b diplomová práca  |c Linda Machajová ; škol. Sylvia Kastlerová 
264 1 |a Bratislava  |c 2009 
300 |a 67 s. 
100 1 |a Machajová, Linda 
700 1 |a Kastlerová, Sylvia 
710 2 |a Fakulta hospodárskej informatiky EU. Katedra účtovníctva a audítorstva